000 00320nam a2200145Ia 4500
100 _aDhake
650 _aElectrical Engineering
942 _cBK
654 _atelevision
245 _aTelevision engineering
260 _bTata Mc Graw hill
_aNew Delhi
_c1982
082 _a621.38
300 _a462
546 _aENGLISH
999 _c34009
_d34009